Adriana Mesurat /

Guardat en:
Dades bibliogràfiques
Autor principal: Green, Julien (Autor)
Altres autors: Tofanelli, Arturo (Traductor)
Format: Llibre
Idioma:italià
Publicat: [Milano] : A. Mondadori, 1967
Col·lecció:Oscar ; 112
Etiquetes: Afegir etiqueta
Sense etiquetes, Sigues el primer a etiquetar aquest registre!

MARC

LEADER 00000nam a22000007i 4500
001 IT\ICCU\SBL\0066640
003 ItRI
005 20260115232317.0
008 910930s1967 it |||||| ||||| |||||c
015 |2 IT  |a 67-3715 
040 |b ita  |c importazione bologna sebina 
041 7 |a ita  |2 ISO-639-2 
082 |a 843.91  |9 NARRATIVA FRANCESE. SEC. 20.  |2 16 
100 1 |a Green, Julien  |0 IT\ICCU\CFIV\031783  |4 aut 
240 1 0 |a Adrienne Mesurat  |3 IT\ICCU\CFI\0206969  |9 Green, Julien 
245 1 0 |a Adriana Mesurat /  |c Julien Green ; traduzione di Arturo Tofanelli. 
260 |a [Milano] :  |b A. Mondadori,  |c 1967 
300 |a 267 p. ;  |c 19 cm. 
700 1 |a Tofanelli, Arturo  |0 IT\ICCU\CFIV\115065  |4 trl 
752 |a it   |d Milano 
790 1 |a Green, Julian  |3 IT\ICCU\UBOV\072687  |z Green, Julien 
830 0 |a Oscar ;  |v 112  |0 IT\ICCU\CFI\0000102 
942 |2 ddc  |c BK  |n 0 
952 |0 0  |1 0  |4 0  |6 DOC_843_912000000000000_GRE  |7 0  |9 23960  |a BO  |b BO  |d 2026-01-15  |i 1155  |l 0  |o DOC 843.912 GRE  |p BO1155  |r 2026-01-15 23:23:17  |w 2026-01-15  |x [Sebina 5] [1 v.]  |y BK  |z 1 v. 
999 |c 20404  |d 20404